00394nam a2200133 a 45000010005000000030005000050050017000100080041000270400020000681000028000882450066001162600014001826500064001962618CDMR20130625103439.0130130s ||||||||||||||||||||||||||||d aCDMRbcatcCDMR1 aComín, Alfonso Carlos14aLos conflictos colectivos a través de la prensacA.C. Comin aBarcelona04aConflictes socials en els mitjans de comunicació de massa